Návrh udržateľných opatrení na zlepšenie personálnych činností v podmienkach priemyselného podniku PIVOT+QARI, spol. s r.o.

Guardado en:
Detalles Bibliográficos
Autor principal: Pristašová, Veronika (Autor)
Otros Autores: Chlpeková, Andrea (Orientador)
Formato: Manuscrito Libro
Lenguaje:eslovaco
Publicado: 2019
Materias:
Acceso en línea:http://is.stuba.sk/zp/portal_zp.pl?podrobnosti=134406
Etiquetas: Agregar Etiqueta
Sin Etiquetas, Sea el primero en etiquetar este registro!

MARC

LEADER 00000ntm a22000003a 4500
001 stuzp72817
003 SK-STU
005 20190622211047.7
007 ta
008 150427s2015----xo-----f-mn---000-0-slo-d
040 |a STU  |b slo 
041 0 |a slo 
100 1 |a Pristašová, Veronika  |u 064000  |4 aut  |U MTF Materiálovotechnologická fakulta  |T MTF Ústav priemyselného inžinierstva a manažmentu  |X 85534  |U M4000  |Y 84  |7 85534 
242 0 1 |a Proposal of sustainable recommendations for improving personal activities in the conditions of an industrial enterprise PIVOT+QARI, spol. s r.o.  |y eng 
245 1 0 |a Návrh udržateľných opatrení na zlepšenie personálnych činností v podmienkach priemyselného podniku PIVOT+QARI, spol. s r.o. 
260 |c 2019 
650 4 |a funkcie personálneho manažmentu  |2 slo 
650 4 |a získavanie a výber zamestnancov  |2 slo 
650 4 |a pracovné podmienky  |2 slo 
650 4 |a pracovná spokojnosť  |2 slo 
650 4 |a personálny manažment  |2 slo 
650 4 |a personnel management  |2 eng 
650 4 |a functions of personnel management  |2 eng 
650 4 |a recruitment and selection of employees  |2 eng 
650 4 |a working conditions  |2 eng 
650 4 |a job satisfaction  |2 eng 
700 1 |a Chlpeková, Andrea  |u 064000  |k Z1  |4 ths  |U MTF Materiálovotechnologická fakulta  |T MTF Ústav priemyselného inžinierstva a manažmentu  |X 237  |U M4000  |Y 84  |7 A000000237 
856 4 |u http://is.stuba.sk/zp/portal_zp.pl?podrobnosti=134406 
996 |c M* BP-8591  |l MMSKP  |s P  |a 0  |w stuzp72817_0001